[Event "2nd Invitational"]
[Site "Saint Louis USA"]
[Date "2012.04.09"]
[Round "1"]
[White "Yang, Darwin"]
[Black "Margvelashvili, Giorgi"]
[Result "1-0"]
[WhiteTitle "IM"]
[BlackTitle "GM"]
[WhiteElo "2448"]
[BlackElo "2547"]
[WhiteFideId "2029111"]
[BlackFideId "13602926"]
[EventDate "2012.04.09"]

1. d4 d6 2. c4 g6 3. Nc3 Bg7 4. e4 Nd7 5. Be3 e5 6. Nge2 Nh6 7. f3 f5 8. Qd2 Nf7
9. O-O-O O-O 10. exf5 gxf5 11. dxe5 Ndxe5 12. Nf4 c6 13. Be2 Qa5 14. Nh5 Bh8 15.
f4 Ng6 16. Bd4 c5 17. Bxh8 Kxh8 18. b3 d5 19. cxd5 Nd6 20. Qb2 Kg8 21. Nb5 Ne8
22. Bc4 Bd7 23. d6+ Rf7 24. Rhe1 Kf8 25. Bxf7 Kxf7 26. Rxe8 Kxe8 27. Qf6 1-0

[Event "2nd Invitational"]
[Site "Saint Louis USA"]
[Date "2012.04.09"]
[Round "1"]
[White "Sevillano, Enrico"]
[Black "Arnold, Marc T"]
[Result "1/2-1/2"]
[WhiteTitle "IM"]
[BlackTitle "IM"]
[WhiteElo "2502"]
[BlackElo "2502"]
[WhiteFideId "5200156"]
[BlackFideId "2022320"]
[EventDate "2012.04.09"]

1. e4 c5 2. c3 d5 3. exd5 Qxd5 4. d4 Nc6 5. Nf3 Bf5 6. Be3 e6 7. Qa4 Nf6 8. Bc4
Qd7 9. Bb5 Ng4 10. Bf4 Bd6 11. Bxd6 Qxd6 12. h3 Nf6 13. O-O O-O 14. Bxc6 bxc6
15. Qa3 Ne4 16. Nbd2 Nxd2 17. Nxd2 Qf4 18. Nb3 cxd4 19. Nxd4 Be4 20. Rfe1 e5 21.
Ne2 Qg5 22. Ng3 Bg6 23. Qc5 Rae8 24. Qxc6 f5 25. Qd5+ Bf7 26. Qc5 Qf6 27. Rad1
Re6 28. Qxa7 h5 29. Qc7 e4 30. Ne2 Rc6 31. Qd7 Bxa2 32. Nf4 Bf7 33. Nd5 Bxd5 34.
Qxd5+ Kh7 35. f3 Rb6 36. fxe4 Rxb2 37. e5 Qg6 38. Qf3 Rc8 39. Rd6 Rxc3 40. Rxg6
Rxf3 41. Rxg7+ Kxg7 42. gxf3 Kf7 43. e6+ Ke7 44. Re5 f4 45. h4 Rb1+ 46. Kf2 Rb2+
47. Kf1 Rb1+ 48. Ke2 Rh1 49. Kd3 Rxh4 50. Ke4 Rh1 51. Kxf4 h4 52. Kf5 h3 53. Re2
Ra1 54. f4 Ra8 55. Rb2 Ra5+ 56. Kg6 Kxe6 57. f5+ Rxf5 58. Rb6+ Ke5 59. Rb5+ Kf4
60. Rb4+ Ke5 61. Rb5+ Kf4 62. Rxf5+ Kg3 63. Rg5+ 1/2-1/2

[Event "2nd Invitational"]
[Site "Saint Louis USA"]
[Date "2012.04.09"]
[Round "1"]
[White "Young, Angelo"]
[Black "Gerzhoy, Leonid"]
[Result "1-0"]
[WhiteTitle "IM"]
[BlackTitle "IM"]
[WhiteElo "2321"]
[BlackElo "2489"]
[WhiteFideId "5200490"]
[BlackFideId "2806126"]
[EventDate "2012.04.09"]

1. Nf3 c5 2. g3 Nc6 3. Bg2 g6 4. O-O Bg7 5. c3 e5 6. a3 e4 7. Ne1 d5 8. d3 f5 9.
dxe4 dxe4 10. Qxd8+ Nxd8 11. Be3 Ne6 12. f3 exf3 13. Bxf3 Rb8 14. Nd2 b6 15. Nd3
Ne7 16. a4 O-O 17. a5 Bb7 18. axb6 axb6 19. Nf4 Ng5 20. Bxb7 Rxb7 21. Nxg6 Nh3+
22. Kg2 Nxg6 23. Kxh3 Re7 24. Nc4 Re4 25. b3 Bxc3 26. Ra6 Ne5 27. Nxe5 Rxe5 28.
Bh6 Rf6 29. Ra8+ Kf7 30. Ra7+ Kg6 31. Bg7 Rxe2 32. Bxf6 Bxf6 33. Rb7 Re6 34. Rd1
Bd4 35. b4 h5 36. Rd7 Kg5 37. Rd5 Kg6 38. Rf1 Rf6 39. Kg2 Be3 40. Rf3 Bd4 41.
Kf1 Kg5 42. Ke2 Bg1 43. Kf1 Bd4 44. h3 Kg6 45. Kg2 Kg5 46. Kh2 Kg6 47. Kh1 Kg5
48. Kg2 Kg6 49. Kf1 Kg5 50. Ke2 Bg1 51. Rf1 Bd4 52. Kd2 Kg6 53. h4 Rf7 54. Kd3
Rf6 55. Kc4 Be3 56. Rf3 Bg1 57. b5 Bd4 58. Rd8 Be5 59. Rg8+ Kf7 60. Rg5 Ke6 61.
Rxh5 Rf7 62. Rh6+ Bf6 63. h5 Rg7 64. Rg6 Ra7 65. Re3+ Kf7 66. Kd5 Ra4 67. Rf3
Rd4+ 68. Kc6 Ke6 69. Kxb6 c4 70. Kc5 Rd3 71. Rf1 c3 72. Kc4 Re3 73. b6 c2 74.
Rc1 Rc3+ 75. Kb4 Rc8 76. b7 Rb8 77. Rxc2 Rxb7+ 78. Ka4 Kf7 79. Rf2 Ra7+ 80. Kb5
Rb7+ 81. Kc6 Rb1 82. Rxf5 Rc1+ 83. Kd5 Rd1+ 84. Ke4 1-0

[Event "2nd Invitational"]
[Site "Saint Louis USA"]
[Date "2012.04.10"]
[Round "2"]
[White "Arnold, Marc T"]
[Black "Moradiabadi, Elshan"]
[Result "1/2-1/2"]
[WhiteTitle "IM"]
[BlackTitle "GM"]
[WhiteElo "2502"]
[BlackElo "2542"]
[WhiteFideId "2022320"]
[BlackFideId "12501255"]
[EventDate "2012.04.09"]

1. d4 d5 2. c4 e6 3. Nf3 Nf6 4. e3 Bb4+ 5. Nbd2 O-O 6. a3 Be7 7. Bd3 Nbd7 8. O-O
c5 9. b3 b6 10. Bb2 Bb7 11. Qe2 Rc8 12. Rfd1 Qc7 13. Rac1 Qb8 14. cxd5 Nxd5 15.
Ne5 N7f6 16. dxc5 Rxc5 17. Rxc5 bxc5 18. g4 Qc7 19. g5 Ne8 20. Qh5 f5 21. gxf6
Nexf6 22. Qh3 Bc8 23. Ne4 Nxe4 24. Bxe4 Nf6 25. Bd3 Bd8 26. Bc4 Re8 27. Bb5 Rf8
28. Nd7 Bxd7 29. Bxd7 Nxd7 30. Qxe6+ Rf7 31. Qe8+ Nf8 32. Qxd8 Qc6 33. Qd5 Qg6+
34. Kf1 Ne6 35. Be5 h5 36. f4 h4 37. Qg2 Qf5 38. Ke1 h3 39. Qg3 Rb7 40. Kf1 1/2-1/2

[Event "2nd Invitational"]
[Site "Saint Louis USA"]
[Date "2012.04.10"]
[Round "2"]
[White "Brooks, Michael A"]
[Black "Sevillano, Enrico"]
[Result "0-1"]
[WhiteTitle "IM"]
[BlackTitle "IM"]
[WhiteElo "2456"]
[BlackElo "2502"]
[WhiteFideId "2000334"]
[BlackFideId "5200156"]
[EventDate "2012.04.09"]

1. e4 g6 2. d4 Bg7 3. Nf3 c6 4. Nbd2 d6 5. Bd3 Nh6 6. O-O O-O 7. a4 b6 8. Re1
Ba6 9. Qe2 Bxd3 10. Qxd3 Nd7 11. h3 Qc7 12. c3 Rad8 13. Qc4 e6 14. Qb3 Rfe8 15.
Nf1 f6 16. Bf4 Nf7 17. Rad1 Qc8 18. N1d2 Nf8 19. Be3 h6 20. c4 f5 21. d5 fxe4
22. Nd4 exd5 23. cxd5 cxd5 24. Rc1 Qb7 25. Nc6 Rc8 26. Qxd5 Re5 27. Qc4 Rc5 28.
Bxc5 Rxc6 29. Nxe4 dxc5 30. b4 Bd4 31. b5 Re6 32. Nc3 Ne5 33. Qd5 Qf7 34. Rf1
Nd3 0-1

[Event "2nd Invitational"]
[Site "Saint Louis USA"]
[Date "2012.04.10"]
[Round "2"]
[White "Margvelashvili, Giorgi"]
[Black "Gerzhoy, Leonid"]
[Result "1-0"]
[WhiteTitle "GM"]
[BlackTitle "IM"]
[WhiteElo "2547"]
[BlackElo "2489"]
[WhiteFideId "13602926"]
[BlackFideId "2806126"]
[EventDate "2012.04.09"]

1. Nf3 d5 2. d4 Nf6 3. Bf4 Bf5 4. e3 e6 5. c4 Bxb1 6. Qxb1 Bb4+ 7. Kd1 Be7 8. c5
b6 9. b4 Ne4 10. Qc2 O-O 11. Bd3 Nc6 12. a3 bxc5 13. Bxe4 dxe4 14. Qxe4 Qd7 15.
Rc1 f5 16. Qc2 Bd6 17. Bxd6 cxd6 18. Ke2 c4 19. Qxc4 Ne7 20. Qc7 Rfd8 21. Qxd7
Rxd7 22. Ng5 Nd5 23. Kd3 Re8 24. Rc6 e5 25. dxe5 dxe5 26. Ke2 e4 27. Rhc1 h6 28.
Ne6 Kh7 29. Nc5 Rf7 30. Rd6 Nf6 31. Ne6 Ng4 32. h3 Ne5 33. Nf4 Ree7 34. Rc5 Nd7
35. Rc2 Ne5 36. Rc5 Nd7 37. Rc7 Nb6 38. Rxe7 Rxe7 39. Rc6 Rd7 40. h4 Kg8 41. h5
Kf7 42. Ng6 Rd5 43. Rc7+ Kf6 44. Rxa7 Nc4 45. Ra6+ Kf7 46. Ke1 Nb2 47. Rc6 Rd1+
48. Ke2 Ra1 49. Ne5+ Ke7 50. Rc2 Na4 51. Nc4 Kf6 52. f4 exf3+ 53. Kxf3 Kg5 54.
e4 f4 55. e5 Kf5 56. g4+ fxg3 57. Kxg3 Ke6 58. Rd2 Nc3 59. Kf4 Nb5 60. Rd3 Rc1
61. Nd6 Nc3 62. b5 Nd5+ 63. Ke4 Re1+ 64. Kd4 Rxe5 65. Ne8 Rg5 66. a4 Nf4 67. Rf3
Nxh5 68. b6 Rd5+ 69. Kc4 Rd7 70. Kc5 Ke7 71. Re3+ Kd8 72. Kc6 Rd1 73. b7 Rb1 74.
Nd6 Nf6 75. Nf7# 1-0

[Event "2nd Invitational"]
[Site "Saint Louis USA"]
[Date "2012.04.10"]
[Round "3"]
[White "Sevillano, Enrico"]
[Black "Yang, Darwin"]
[Result "1/2-1/2"]
[WhiteTitle "IM"]
[BlackTitle "IM"]
[WhiteElo "2502"]
[BlackElo "2448"]
[WhiteFideId "5200156"]
[BlackFideId "2029111"]
[EventDate "2012.04.09"]

1. e4 e6 2. d4 d5 3. e5 c5 4. c3 Nc6 5. Nf3 Nh6 6. a3 Nf5 7. b4 cxd4 8. cxd4 Bd7
9. Bb2 b5 10. Nc3 a5 11. Bxb5 axb4 12. axb4 Bxb4 13. O-O O-O 14. Bd3 Rxa1 15.
Bxa1 Qa5 16. Ne2 Rc8 17. g4 Nfe7 18. Qb1 Ng6 19. h4 Be7 20. h5 Nf8 21. Bc3 Nb4
22. Rc1 Qa3 23. Bxb4 Rxc1+ 24. Nxc1 Qxb4 25. Qxb4 Bxb4 1/2-1/2

[Event "2nd Invitational"]
[Site "Saint Louis USA"]
[Date "2012.04.10"]
[Round "3"]
[White "Moradiabadi, Elshan"]
[Black "Brooks, Michael A"]
[Result "1-0"]
[WhiteTitle "GM"]
[BlackTitle "IM"]
[WhiteElo "2542"]
[BlackElo "2456"]
[WhiteFideId "12501255"]
[BlackFideId "2000334"]
[EventDate "2012.04.09"]

1. d4 Nf6 2. c4 e6 3. Nf3 Bb4+ 4. Nbd2 b6 5. a3 Bxd2+ 6. Qxd2 Bb7 7. g3 d6 8.
Bg2 Nbd7 9. O-O O-O 10. b4 Qe7 11. Bb2 Rfd8 12. Qe3 Re8 13. Bh3 a5 14. Nd2 e5
15. d5 b5 16. cxb5 a4 17. Qd3 Bxd5 18. Nc4 Reb8 19. Ne3 Be4 20. Qc4 Nb6 21. Qc3
Nbd5 22. Nxd5 Bxd5 23. Rac1 Ra7 24. Qe3 Rab7 25. f4 Rxb5 26. fxe5 c5 27. Qg5
dxe5 28. Bxe5 h6 29. Bxf6 Qxf6 30. Qxd5 cxb4 31. Rxf6 Rxd5 32. Ra6 b3 33. Rxa4
b2 34. Rb1 Rc5 35. Kf2 Rc1 36. Bf5 g6 37. Be4 Rb3 38. Rb4 Rxa3 39. R4xb2 Rxb1
40. Rxb1 1-0

[Event "2nd Invitational"]
[Site "Saint Louis USA"]
[Date "2012.04.10"]
[Round "3"]
[White "Young, Angelo"]
[Black "Arnold, Marc T"]
[Result "0-1"]
[WhiteTitle "IM"]
[BlackTitle "IM"]
[WhiteElo "2321"]
[BlackElo "2502"]
[WhiteFideId "5200490"]
[BlackFideId "2022320"]
[EventDate "2012.04.09"]

1. Nf3 Nf6 2. g3 d5 3. Bg2 e6 4. O-O Be7 5. c4 O-O 6. d3 c5 7. cxd5 exd5 8. d4
c4 9. b3 cxb3 10. Qxb3 Nc6 11. Bg5 Na5 12. Qd3 g6 13. Bxf6 Bxf6 14. Nc3 Bf5 15.
Qb5 Be6 16. e3 a6 17. Qe2 Rc8 18. Rac1 b5 19. Nd2 Nc4 20. Nb3 Be7 21. e4 Ba3 22.
Rb1 dxe4 23. Nxe4 Nd6 24. Nxd6 Qxd6 25. Rfd1 Rfe8 26. Qd2 Bf5 27. Ra1 Rc2 28.
Qh6 Qf8 29. Qxf8+ Kxf8 30. Bb7 Bb2 31. Rab1 Rce2 32. Kg2 Bxb1 33. Rxb1 Bc3 34.
Bxa6 Rxa2 35. Bxb5 Re1 36. Rc1 Rxc1 37. Nxc1 Rd2 38. Ne2 Bxd4 39. f4 Ke7 40. Kf3
Bb6 41. h3 Ra2 42. Kg2 Kd6 43. Bc4 Rc2 44. Ba6 Kc5 45. g4 Ra2 46. Bd3 Ra3 47.
Be4 Re3 48. Bf3 Kc4 49. f5 gxf5 50. gxf5 f6 51. Nf4 Kd4 52. Nh5 Ke5 53. Bg4 Ra3
54. Ng7 Bc7 55. Nh5 Bb8 56. Kf2 Ba7+ 57. Kg2 Ra2+ 58. Kf3 Bd4 59. Ng7 Ra3+ 60.
Kg2 Ke4 61. Nh5 Be5 62. Kf2 Ra2+ 63. Kg1 Bd4+ 64. Kh1 Rb2 65. Ng7 Ke3 66. Kg1
Kf4+ 67. Kh1 Kg3 68. Nh5+ Kf2 0-1

[Event "2nd Invitational"]
[Site "Saint Louis USA"]
[Date "2012.04.11"]
[Round "4"]
[White "Arnold, Marc T"]
[Black "Gerzhoy, Leonid"]
[Result "1/2-1/2"]
[WhiteTitle "IM"]
[BlackTitle "IM"]
[WhiteElo "2502"]
[BlackElo "2489"]
[WhiteFideId "2022320"]
[BlackFideId "2806126"]
[EventDate "2012.04.09"]

1. d4 d5 2. c4 e6 3. Nf3 Nf6 4. e3 b6 5. Bd3 Bb7 6. Nbd2 Nbd7 7. O-O Bd6 8. b3
O-O 9. Bb2 c5 10. Qe2 Ne4 11. Rfd1 cxd4 12. exd4 f5 13. Nf1 Qe7 14. Ne3 f4 15.
Ng4 h5 16. Nge5 Nxe5 17. dxe5 Bc5 18. Bd4 Bxd4 19. Nxd4 f3 20. Qe3 fxg2 21. f4
Nc5 22. cxd5 Bxd5 23. Bg6 Qh4 24. f5 Ne4 25. Rd3 Ng5 26. Qg3 Qe4 27. h4 exf5 28.
hxg5 h4 29. Qe3 Qxe3+ 30. Rxe3 f4 31. Rh3 f3 32. Kf2 Rf4 33. Nxf3 Raf8 34. Bh5
g6 35. Bxg6 Rxf3+ 36. Rxf3 Rxf3+ 37. Kxg2 Rf6+ 38. Kh3 Rxg6 39. Rd1 Bf7 40. Kxh4
Re6 41. Rd7 a5 42. Rb7 Kg7 43. Kg4 Kg6 44. Kf4 Rc6 45. Rb8 Be6 46. Rb7 Bc8 47.
Rb8 Be6 48. Rb7 Bf5 49. Rb8 Bb1 50. a3 Ba2 51. Rh8 Kg7 52. Rh3 Bb1 53. Rh1 Bc2
54. Rc1 Rc5 55. b4 Rc4+ 56. Ke3 a4 57. Kd2 Bd3 58. Rc3 Rxc3 59. Kxc3 Bf1 60. Kd4
Kg6 61. Kd5 Kxg5 62. Kc6 b5 63. e6 Kf6 64. Kd7 Bh3 65. Kc6 Bf1 66. Kd7 Bh3 67.
Kc6 Bxe6 68. Kxb5 Bb3 69. Kc5 Ke5 70. b5 Ke6 71. Kd4 Kd6 72. Kc3 Ke5 1/2-1/2

[Event "2nd Invitational"]
[Site "Saint Louis USA"]
[Date "2012.04.11"]
[Round "4"]
[White "Yang, Darwin"]
[Black "Moradiabadi, Elshan"]
[Result "1/2-1/2"]
[WhiteTitle "IM"]
[BlackTitle "GM"]
[WhiteElo "2448"]
[BlackElo "2542"]
[WhiteFideId "2029111"]
[BlackFideId "12501255"]
[EventDate "2012.04.09"]

1. d4 d5 2. c4 e6 3. Nc3 Be7 4. cxd5 exd5 5. Bf4 Nf6 6. e3 Bf5 7. Nge2 O-O 8.
Ng3 Be6 9. Bd3 c5 10. dxc5 Bxc5 11. O-O Nc6 12. Rc1 d4 13. Nce4 Be7 14. Nxf6+
Bxf6 15. e4 Rc8 16. a3 Re8 17. Nh5 Be7 18. Bg3 Qb6 19. Qe2 g6 20. Nf4 Bb3 21.
Bc4 Bxc4 22. Rxc4 Qb3 23. Qc2 Qxc2 24. Rxc2 Bg5 1/2-1/2

[Event "2nd Invitational"]
[Site "Saint Louis USA"]
[Date "2012.04.11"]
[Round "5"]
[White "Sevillano, Enrico"]
[Black "Margvelashvili, Giorgi"]
[Result "1/2-1/2"]
[WhiteTitle "IM"]
[BlackTitle "GM"]
[WhiteElo "2502"]
[BlackElo "2547"]
[WhiteFideId "5200156"]
[BlackFideId "13602926"]
[EventDate "2012.04.09"]

1. e4 e5 2. Nf3 Nf6 3. Nxe5 d6 4. Nf3 Nxe4 5. d3 Nf6 6. d4 d5 7. Bd3 Bd6 8. O-O
O-O 9. Bg5 Bg4 10. Nbd2 Nbd7 11. c3 c6 12. Qc2 Qc7 13. Rae1 Rae8 14. h3 Bh5 15.
Ne5 Bxe5 16. dxe5 Nxe5 17. Bxf6 Nxd3 18. Qxd3 gxf6 19. Qf5 Re5 20. Qxf6 Be2 21.
Rxe2 1/2-1/2

[Event "2nd Invitational"]
[Site "Saint Louis USA"]
[Date "2012.04.11"]
[Round "5"]
[White "Young, Angelo"]
[Black "Yang, Darwin"]
[Result "1-0"]
[WhiteTitle "IM"]
[BlackTitle "IM"]
[WhiteElo "2321"]
[BlackElo "2448"]
[WhiteFideId "5200490"]
[BlackFideId "2029111"]
[EventDate "2012.04.09"]

1. d4 d5 2. Nf3 Nf6 3. Bf4 c6 4. c3 Bf5 5. Qb3 Qb6 6. Nbd2 Nbd7 7. h3 e6 8. Nh4
Be4 9. f3 Nh5 10. fxe4 Nxf4 11. Qxb6 axb6 12. e3 Nh5 13. Kf2 dxe4 14. Nxe4 f5
15. Nd2 Bd6 16. Nhf3 Ng3 17. Rg1 Nf6 18. Bd3 Rf8 19. Rge1 Nfe4+ 20. Kg1 h6 21.
Bxe4 fxe4 22. Nh2 Ra5 23. Nc4 Rd5 24. Nxd6+ Rxd6 25. Nf1 Nxf1 26. Rxf1 Rxf1+ 27.
Rxf1 e5 28. Rf5 Re6 29. Kf2 Ke7 30. Rxe5 Rxe5 31. dxe5 Ke6 32. Kg3 Kxe5 33. Kg4
b5 34. b3 b6 35. a3 c5 36. h4 g6 37. g3 b4 38. axb4 cxb4 39. c4 1-0

[Event "2nd Invitational"]
[Site "Saint Louis USA"]
[Date "2012.04.12"]
[Round "6"]
[White "Margvelashvili, Giorgi"]
[Black "Arnold, Marc T"]
[Result "1/2-1/2"]
[WhiteTitle "GM"]
[BlackTitle "IM"]
[WhiteElo "2547"]
[BlackElo "2502"]
[WhiteFideId "13602926"]
[BlackFideId "2022320"]
[EventDate "2012.04.09"]

1. c4 Nf6 2. d4 e6 3. Nc3 Bb4 4. Qc2 O-O 5. a3 Bxc3+ 6. Qxc3 d5 7. Bg5 h6 8.
Bxf6 Qxf6 9. e3 c5 10. Nf3 cxd4 11. Qxd4 Qxd4 12. Nxd4 dxc4 13. Bxc4 Bd7 14. Ke2
Rc8 15. Bd3 Nc6 16. Nxc6 Bxc6 17. f3 Kf8 18. Rhc1 Ke7 19. Rc3 Bd7 20. Rac1 Rxc3
21. Rxc3 Rc8 22. Kd2 Rxc3 23. Kxc3 Kd6 24. Kd4 b6 25. f4 f6 26. g3 Bc6 1/2-1/2

[Event "2nd Invitational"]
[Site "Saint Louis USA"]
[Date "2012.04.12"]
[Round "6"]
[White "Yang, Darwin"]
[Black "Gerzhoy, Leonid"]
[Result "1-0"]
[WhiteTitle "IM"]
[BlackTitle "IM"]
[WhiteElo "2448"]
[BlackElo "2489"]
[WhiteFideId "2029111"]
[BlackFideId "2806126"]
[EventDate "2012.04.09"]

1. d4 d5 2. c4 e6 3. Nc3 Be7 4. cxd5 exd5 5. Bf4 Nf6 6. e3 O-O 7. Bd3 c5 8. Nf3
Nc6 9. dxc5 Bxc5 10. O-O d4 11. Ne4 Nxe4 12. Bxe4 dxe3 13. Qc2 exf2+ 14. Kh1 Bb6
15. Bxh7+ Kh8 16. Be4 Bg4 17. Ng5 Nd4 18. Qxf2 Nf5 19. Qe1 Nh6 20. Bxb7 Rb8 21.
Bxb8 Qxb8 22. Bd5 f6 23. Nf7+ Rxf7 24. Bxf7 Bd7 25. Bg6 Bc6 26. Rc1 Qb7 27. Rxc6
Qxc6 28. Qe8+ Qxe8 29. Bxe8 Ng4 30. g3 Ne5 31. b4 Kg8 32. a4 Kf8 33. Bb5 Ke7 34.
Rd1 g5 35. h3 f5 36. Kg2 f4 37. gxf4 gxf4 38. Be2 Be3 39. b5 Bb6 40. h4 Kf6 41.
h5 Nf7 42. Rd7 Ne5 43. Rb7 Kg5 44. a5 Bxa5 45. Rxa7 Bb6 46. Rg7+ Kf6 47. h6 Be3
48. b6 Bxb6 49. Rg8 1-0

[Event "2nd Invitational"]
[Site "Saint Louis USA"]
[Date "2012.04.12"]
[Round "6"]
[White "Sevillano, Enrico"]
[Black "Moradiabadi, Elshan"]
[Result "1/2-1/2"]
[WhiteTitle "IM"]
[BlackTitle "GM"]
[WhiteElo "2502"]
[BlackElo "2542"]
[WhiteFideId "5200156"]
[BlackFideId "12501255"]
[EventDate "2012.04.09"]

1. e4 e5 2. Nf3 Nc6 3. Bb5 Nf6 4. O-O Nxe4 5. d4 Nd6 6. Bxc6 dxc6 7. dxe5 Nf5 8.
Qxd8+ Kxd8 9. Nc3 Ke8 10. h3 h5 11. Bg5 Be7 12. Rad1 Be6 13. b3 Rd8 14. Rxd8+
Bxd8 15. Rd1 Be7 16. Kf1 Bc8 17. Ne2 f6 18. Bf4 Bd8 19. exf6 gxf6 20. Ng3 Nxg3+
21. Bxg3 c5 22. Bh4 Be7 23. Bg3 Bd8 24. Bh4 Be7 25. Bg3 1/2-1/2

[Event "2nd Invitational"]
[Site "Saint Louis USA"]
[Date "2012.04.12"]
[Round "7"]
[White "Moradiabadi, Elshan"]
[Black "Margvelashvili, Giorgi"]
[Result "1/2-1/2"]
[WhiteTitle "GM"]
[BlackTitle "GM"]
[WhiteElo "2542"]
[BlackElo "2547"]
[WhiteFideId "12501255"]
[BlackFideId "13602926"]
[EventDate "2012.04.09"]

1. d4 Nf6 2. c4 e6 3. g3 d5 4. Nf3 Bb4+ 5. Bd2 Be7 6. Bg2 O-O 7. O-O c6 8. Qc2
Nbd7 9. Rd1 b6 10. Bf4 Ba6 11. Ne5 Rc8 12. Nc3 Nh5 13. Bc1 Nhf6 14. Bf4 Nh5 15.
Bc1 Nhf6 16. Be3 Nh5 17. Bf4 Nhf6 18. Bc1 Nh5 1/2-1/2

[Event "2nd Invitational"]
[Site "Saint Louis USA"]
[Date "2012.04.13"]
[Round "8"]
[White "Margvelashvili, Giorgi"]
[Black "Brooks, Michael A"]
[Result "1/2-1/2"]
[WhiteTitle "GM"]
[BlackTitle "IM"]
[WhiteElo "2547"]
[BlackElo "2456"]
[WhiteFideId "13602926"]
[BlackFideId "2000334"]
[EventDate "2012.04.09"]

1. d4 Nf6 2. c4 e6 3. g3 Bb4+ 4. Bd2 Bxd2+ 5. Qxd2 d6 6. Bg2 O-O 7. Nc3 e5 8.
Nf3 Nc6 9. d5 Ne7 10. e4 h6 11. O-O Nh7 12. Ne1 f5 13. Nd3 Ng6 14. exf5 Bxf5 15.
Rae1 Ng5 16. f3 Qd7 17. h4 Nh7 18. Nf2 Qd8 19. Nce4 Nf6 20. Nxf6+ Rxf6 21. Ne4
Rf7 22. c5 b6 23. cxd6 cxd6 24. Qb4 Rd7 25. Rc1 Rc8 26. Rxc8 Qxc8 27. Qa3 Qc7
28. Nc3 Qc5+ 29. Qxc5 bxc5 30. b3 Rb7 31. h5 Ne7 32. f4 exf4 33. Rxf4 Rb4 34.
Rf2 Bg4 35. Ne4 Nxd5 36. Nxd6 Ne3 37. Nc4 Nxg2 38. Kxg2 Bxh5 39. Rf5 Be2 40.
Rxc5 Bxc4 41. bxc4 Rb2+ 42. Kf3 Rxa2 43. Rc7 Kh7 44. c5 Kg6 45. c6 Ra4 46. Rb7
Rc4 47. Rxa7 Rxc6 48. Ra5 Kf6 49. Rb5 Re6 50. Kf4 g5+ 51. Kf3 h5 52. Ra5 Re5 53.
Ra6+ Kf5 54. Ra8 Rb5 55. Rf8+ Kg6 56. Rg8+ Kf7 57. Rh8 Rb3+ 58. Kf2 Kg6 59. Ra8
Kf5 60. Ra4 Rb2+ 61. Ke3 Rb3+ 62. Kf2 Rd3 63. Rb4 Ke5 64. Ra4 g4 65. Ra8 Rf3+
66. Kg2 Rc3 67. Kf2 Rc2+ 68. Ke3 Rc3+ 69. Kf2 Rf3+ 70. Kg2 Rd3 71. Kf2 Rd5 72.
Ke3 Rb5 73. Re8+ Kf5 74. Rf8+ Kg5 75. Rg8+ Kf6 76. Kf2 Rb2+ 77. Kg1 Kf5 78. Rh8
Ke4 79. Rxh5 Kf3 80. Ra5 Rb3 81. Kh2 Rb2+ 82. Kg1 Re2 83. Rb5 Kxg3 84. Rb3+ Kf4
85. Ra3 Re3 86. Rxe3 Kxe3 87. Kg2 Kf4 88. Kf2 g3+ 89. Kg2 Kg4 90. Kg1 Kf3 91.
Kf1 g2+ 92. Kg1 Kg3 1/2-1/2

[Event "2nd Invitational"]
[Site "Saint Louis USA"]
[Date "2012.04.13"]
[Round "8"]
[White "Yang, Darwin"]
[Black "Arnold, Marc T"]
[Result "1/2-1/2"]
[WhiteTitle "IM"]
[BlackTitle "IM"]
[WhiteElo "2448"]
[BlackElo "2502"]
[WhiteFideId "2029111"]
[BlackFideId "2022320"]
[EventDate "2012.04.09"]

1. d4 Nf6 2. c4 e6 3. Nc3 Bb4 4. e3 d5 5. Ne2 dxc4 6. Qa4+ Nc6 7. a3 Be7 8. Qxc4
O-O 9. b4 e5 10. d5 Nb8 11. e4 c6 12. Ng3 b5 13. Qb3 a5 14. Rb1 Na6 15. dxc6 Be6
16. Qb2 axb4 17. axb4 Nxb4 18. Bxb5 Ba2 19. Ra1 Bc4 20. Bxc4 Rxa1 21. O-O Ra8
22. Nf5 Nxc6 23. Nd5 Ba3 24. Qb5 Bxc1 25. Qxc6 Bg5 26. h4 Bxh4 27. Rd1 Kh8 28.
Nde3 Qc8 29. Qxc8 Raxc8 30. Nxh4 Nxe4 31. Rd7 Ng5 32. Nhf5 Rcd8 33. Re7 Rde8 1/2-1/2

[Event "2nd Invitational"]
[Site "Saint Louis USA"]
[Date "2012.04.13"]
[Round "8"]
[White "Sevillano, Enrico"]
[Black "Gerzhoy, Leonid"]
[Result "1-0"]
[WhiteTitle "IM"]
[BlackTitle "IM"]
[WhiteElo "2502"]
[BlackElo "2489"]
[WhiteFideId "5200156"]
[BlackFideId "2806126"]
[EventDate "2012.04.09"]

1. e4 c6 2. d4 d5 3. Nc3 dxe4 4. Nxe4 Bf5 5. Ng3 Bg6 6. h4 h6 7. Nf3 Nd7 8. h5
Bh7 9. Bd3 Bxd3 10. Qxd3 e6 11. Bd2 Ngf6 12. O-O-O Be7 13. Qe2 O-O 14. Ne5 c5
15. dxc5 Nxc5 16. Kb1 Qb6 17. Be3 Rfd8 18. Bd4 Qa6 19. Qf3 Rac8 20. Ne2 Ncd7 21.
Nf4 Nxe5 22. Bxe5 Qb5 23. Rhe1 Rxd1+ 24. Qxd1 Rd8 25. Qf3 Nd7 26. Bc3 Nc5 27. b3
Na4 28. Ba1 Qb4 29. Rh1 Nc5 30. Bc3 Qe4 31. Qg3 Bf8 32. Re1 Qc6 33. Qe3 Ne4 34.
Ba5 b6 35. Qxe4 Qxe4 36. Rxe4 bxa5 37. Nd3 Rb8 38. a4 Bd6 39. Rd4 Rb6 40. Nb2
Bc5 41. Rd8+ Kh7 42. Nc4 Rb7 43. f3 Rc7 44. Rd3 Bb6 45. Rd6 Rb7 46. Ne5 Rc7 47.
c4 Be3 48. Rd7 Rc5 49. Ng4 Bg1 50. Rxf7 Kg8 51. Rxa7 Rxh5 52. Re7 Rh1 53. Rxe6
Bd4+ 54. Kc2 h5 55. Re4 Bc5 56. Ne5 h4 57. Rg4 Bf2 58. f4 Ra1 59. Nf3 Ra2+ 60.
Kd3 Rb2 61. Kc3 Re2 62. Nxh4 Re3+ 63. Kc2 Re2+ 64. Kc1 Re3 65. Nf5 Rxb3 66.
Rxg7+ Kf8 67. Rc7 Rb4 68. g4 Rxa4 69. g5 Ra1+ 70. Kd2 Rg1 71. Ke2 Bb6 72. Rc6
Bd8 73. g6 a4 74. Ra6 a3 75. g7+ Kf7 76. Rxa3 Kf6 77. Rg3 Rxg3 78. Nxg3 Kxg7 79.
Kd3 Kf6 80. Ke4 Ke6 81. c5 Be7 82. f5+ Kf6 83. Nh5+ Kf7 84. Kd5 Bd8 85. Kd6 Be7+
86. Kc6 Ke8 1-0

[Event "2nd Invitational"]
[Site "Saint Louis USA"]
[Date "2012.04.13"]
[Round "8"]
[White "Moradiabadi, Elshan"]
[Black "Young, Angelo"]
[Result "1-0"]
[WhiteTitle "GM"]
[BlackTitle "IM"]
[WhiteElo "2542"]
[BlackElo "2321"]
[WhiteFideId "12501255"]
[BlackFideId "5200490"]
[EventDate "2012.04.09"]

1. d4 Nf6 2. c4 g6 3. Nc3 Bg7 4. e4 O-O 5. Nf3 c5 6. d5 e6 7. Be2 d6 8. Nd2 Na6
9. O-O Nc7 10. Re1 a6 11. a4 e5 12. Nf1 Nd7 13. Ng3 h5 14. Ra3 h4 15. Nh1 Rb8
16. Qc2 f5 17. exf5 gxf5 18. f4 e4 19. Be3 Nf6 20. a5 Ng4 21. Bxg4 fxg4 22. Nf2
Bf5 23. Nfd1 g3 24. Ne2 gxh2+ 25. Kxh2 b5 26. axb6 Rxb6 27. b3 Qf6 28. Qd2 Ne8
29. Nf2 Qb2 30. Qxb2 Bxb2 31. Ra2 Rxb3 32. Rb1 Rxe3 33. Rbxb2 Nf6 34. Rxa6 Ng4+
35. Kg1 Rd8 36. Ra7 Kf8 37. Kf1 Nh2+ 38. Kg1 Ng4 39. Nxg4 Bxg4 40. Kf2 Rxe2+ 41.
Rxe2 Bxe2 42. Kxe2 Rb8 43. Ke3 Rb4 44. Kxe4 Rxc4+ 45. Kf5 Rd4 46. Ke6 Rxf4 47.
Kxd6 c4 48. Ra2 c3 49. Rc2 Rc4 50. Kd7 Kf7 51. d6 Kf6 52. Kd8 Rd4 53. d7 Rd2 54.
Rxc3 Rxg2 55. Rc5 Rg8+ 56. Kc7 Ke7 57. Re5+ Kf6 58. Rh5 Rg7 59. Kc8 1-0